000 03614cas a2200745 a 4500
001 data
005 20260322212119.0
008 data
010 _a 92648652
022 _a0103-9741
023 0 _a0103-9741
029 1 _aAU@
_b000025653863
035 _a(OCoLC)26206016
040 _aDLC
_beng
_cDLC
_dOCLCQ
_dDLC
_dOCLCQ
_dOCLCO
_dOCLCQ
_dOCLCF
_dOCLCA
_dOCLCQ
_dOCLCL
_dOCLCQ
041 0 _aeng
_aeng
042 _apcc
050 0 0 _aQA76.75
_b.S47
082 0 0 _a004/.05
_220
245 0 0 _aMonografias em ciência da computação /
_cPUC.
260 _aRio de Janeiro, Brasil :
_bPontifícia Universidade Católica do Rio de Janeiro
300 _avolumes ;
_c30 cm
310 _aIrregular
336 _atext
_btxt
_2rdacontent
337 _aunmediated
_bn
_2rdamedia
338 _avolume
_bnc
_2rdacarrier
546 _aChiefly in Portuguese; some articles in English.
588 _aDescription based on: No. 88/14.
588 _aLatest issue consulted: 92/19.
650 0 _aComputer science.
650 7 _aComputer science.
_2fast
_0(OCoLC)fst00872451
710 2 _aPontifícia Universidade Católica do Rio de Janeiro.
_1https://id.oclc.org/worldcat/entity/E39QH7JmrPqgRk4bbyjrGvWgCF
906 _a7
_bcbc
_cserials
_d2
_encip
_f19
_gn-oclcserc
590 _aSERBIB/SERLOC merged record
890 _aMonografias em ciência da computação.
_i92-648652
920 _aKeep 1
991 _bc-GenColl
_hQA76.75
_i.S47
_wSERIALS
991 _bc-GenColl
_hQA76.75
_i.S47
_p00031764063
_tCopy 1
_v* 1985 : Dec.
_wCCF
991 _bc-GenColl
_hQA76.75
_i.S47
_p00016222276
_tCopy 1
_v1-11 * 1994
_wCCF
991 _bc-GenColl
_hQA76.75
_i.S47
_p00034877750
_tCopy 1
_v1-12 * 1993
_wCCF
991 _bc-GenColl
_hQA76.75
_i.S47
_p00016222185
_tCopy 1
_v1-19 * 1995
_wCCF
991 _bc-GenColl
_hQA76.75
_i.S47
_p00057690355
_tCopy 1
_v1-4 * 1996
_wCCF
991 _bc-GenColl
_hQA76.75
_i.S47
_p00034877725
_tCopy 1
_v12 * 1990
_wCCF
991 _bc-GenColl
_hQA76.75
_i.S47
_p00034877993
_tCopy 1
_v12-16 * 1991
_wCCF
991 _bc-GenColl
_hQA76.75
_i.S47
_p00034877713
_tCopy 1
_v14-18 * 1993
_wCCF
991 _bc-GenColl
_hQA76.75
_i.S47
_p00034877877
_tCopy 1
_v14-19 * 1992
_wCCF
991 _bc-GenColl
_hQA76.75
_i.S47
_p00016222549
_tCopy 1
_v17-21 * 1994
_wCCF
991 _bc-GenColl
_hQA76.75
_i.S47
_p00034877762
_tCopy 1
_v17-30 * 1989
_wCCF
991 _bc-GenColl
_hQA76.75
_i.S47
_p00034878079
_tCopy 1
_v19-23 * 1990
_wCCF
991 _bc-GenColl
_hQA76.75
_i.S47
_p00034878031
_tCopy 1
_v2-10 * 1991
_wCCF
991 _bc-GenColl
_hQA76.75
_i.S47
_p00034878067
_tCopy 1
_v20-24 * 1993
_wCCF
991 _bc-GenColl
_hQA76.75
_i.S47
_p0003487783A
_tCopy 1
_v21 * 1992
_wCCF
991 _bc-GenColl
_hQA76.75
_i.S47
_p00034877956
_tCopy 1
_v21-29 * 1991
_wCCF
991 _bc-GenColl
_hQA76.75
_i.S47
_p0003487802A
_tCopy 1
_v25-28 * 1993
_wCCF
991 _bc-GenColl
_hQA76.75
_i.S47
_p00016222550
_tCopy 1
_v28-30 * 1994
_wCCF
991 _bc-GenColl
_hQA76.75
_i.S47
_p00034877798
_tCopy 1
_v29-41 Incomplete * 1992
_wCCF
991 _bc-GenColl
_hQA76.75
_i.S47
_p00034877919
_tCopy 1
_v3-12 Incomplete * 1992
_wCCF
991 _bc-GenColl
_hQA76.75
_i.S47
_p00034877804
_tCopy 1
_v3-16 Incomplete * 1989
_wCCF
991 _bc-GenColl
_hQA76.75
_i.S47
_p00034877981
_tCopy 1
_v30-34 * 1993
_wCCF
991 _bc-GenColl
_hQA76.75
_i.S47
_p00016222252
_tCopy 1
_v33-39 * 1994
_wCCF
991 _bc-GenColl
_hQA76.75
_i.S47
_p00016220516
_tCopy 1
_v40-42 * 1994
_wCCF
991 _bc-GenColl
_hQA76.75
_i.S47
_p00034877889
_tCopy 1
_v6 * 1985
_wCCF
991 _bc-GenColl
_hQA76.75
_i.S47
_p00034877841
_tCopy 1
_v7-21 Incomplete * 1985 -88
_wCCF
992 _bSER
_wSERLOC
999 _c1823
_d1823